MARC

LEADER 00000nam0a2200000 4500
001 63975
005 20231101212112.0
010 |a 502013824X 
035 |a (RuTPU)RU\TPU\book\67880 
090 |a 63975 
100 |a 20040521d1988 km y0rusy50 ca 
101 0 |a rus 
102 |a RU 
105 |a a z 001zy 
200 1 |a Физика элементарных частиц  |f Л. Д. Окунь 
205 |a 2-е изд., перераб. и доп. 
210 |a Москва  |c Наука  |d 1988 
215 |a 272 с.  |c ил. 
320 |a Библиогр.: с. 217-266 
320 |a Предметный указатель: с. 267-272 
451 1 |0 (RuTPU)RU\TPU\book\67908  |t Физика элементарных частиц  |f Л. Д. Окунь  |c М.  |n Наука  |d 1984  |p 224 с.  |a Окунь, Лев Борисович 
606 1 |a Элементарные частицы  |2 stltpush  |3 (RuTPU)RU\TPU\subj\21082  |9 46124 
610 1 |a физика 
610 1 |a гравитация 
610 1 |a электродинамика 
610 1 |a сильные взаимодействия 
610 1 |a слабые взаимодействия 
610 1 |a электрослабая теория 
610 1 |a объединения 
675 |a 539.12  |v 3 
700 1 |a Окунь  |b Л. Д.  |g Лев Борисович 
801 1 |a RU  |b 63413507  |c 20040521  |g PSBO 
801 2 |a RU  |b 63413507  |c 20181113  |g PSBO 
900 |a Фундаментальные взаимодействия 
942 |c BK